Hodnotenie pracovníkov v podniku bakalárska práca

Enregistré dans:
Détails bibliographiques
Auteur principal: Chudíková, Katarína
Collectivité auteur: Podnikovohospodárska fakulta EU so sídlom v Košiciach. Katedra manažmentu
Autres auteurs: Gavurová, Beáta, 1972-
Format: Livre
Langue:slovaque
Publié: Košice 2009
Tags: Ajouter un tag
Pas de tags, Soyez le premier à ajouter un tag!

MARC

LEADER 00000nam$a2200000$$$4500
001 0106764
005 20240318131030.7
041 0 |a slo 
044 |a SK 
245 1 0 |a Hodnotenie pracovníkov v podniku  |b bakalárska práca  |c Katarína Chudíková ; škol. Beáta Gavurová 
264 1 |a Košice  |c 2009 
300 |a 60 s. 
100 1 |a Chudíková, Katarína 
700 1 |a Gavurová, Beáta, 1972- 
710 2 |a Podnikovohospodárska fakulta EU so sídlom v Košiciach. Katedra manažmentu